Statistics for All of Darrell Waltrip's Wins

Click here to take the quiz!

General Stats

  • This quiz has been taken 6 times
  • The average score is 62 of 84

Answer Stats

#YearRaceAnswer% Correct
11975Music City USA 420Nashville Speedway
100%
61977Nashville 420Nashville Speedway
100%
461982Talladega 500Alabama International Motor Speedway
75%
211979Talladega 500Alabama International Motor Speedway
75%
431982Winston 500Alabama International Motor Speedway
75%
51977Winston 500Alabama International Motor Speedway
75%
411982Coca-Cola 500Atlanta International Raceway
75%
751989Motorcraft Quality Parts 500Atlanta International Raceway
75%
91977Dixie 500Atlanta International Raceway
75%
351981Busch 500Bristol International Raceway
75%
101978Southeastern 500Bristol International Speedway
75%
781989Busch 500Bristol International Speedway
75%
551983Valleydale 500Bristol International Speedway
75%
401982Valleydale 500Bristol International Speedway
75%
691986Busch 500Bristol International Speedway
75%
831992Bud 500Bristol International Speedway
75%
301981Valleydale 500Bristol International Speedway
75%
471982Busch 500Bristol International Speedway
75%
581984Valleydale 500Bristol International Speedway
75%
561983Busch 500Bristol International Speedway
75%
221979Volunteer 500Bristol International Speedway
75%
381981National 500Charlotte Motor Speedway
75%
181979World 600Charlotte Motor Speedway
75%
651985Coca-Cola World 600Charlotte Motor Speedway
75%
721988Coca-Cola 600Charlotte Motor Speedway
75%
131978World 600Charlotte Motor Speedway
75%
771989Coca-Cola 600Charlotte Motor Speedway
75%
591984TranSouth 500Darlington Raceway
75%
311981CRC Chemicals Rebel 500Darlington Raceway
75%
841992Mountain Dew Southern 500Darlington Raceway
75%
41977Rebel 500Darlington Raceway
75%
171979CRC Chemicals Rebel 500Darlington Raceway
75%
741989Daytona 500Daytona International Speedway
75%
271980CRC Chemicals 500Dover Downs International Speedway
75%
501982Old Dominion 500Martinsville Speedway
75%
531983Virginia National Bank 500Martinsville Speedway
75%
31976Virginia 500Martinsville Speedway
75%
631984Goody's 500Martinsville Speedway
75%
251980Virginia 500Martinsville Speedway
75%
711987Goody's 500Martinsville Speedway
75%
731988Goody's 500Martinsville Speedway
75%
361981Old Dominion 500Martinsville Speedway
75%
761989Pannill Sweatshirts 500Martinsville Speedway
75%
121978Virginia 500Martinsville Speedway
75%
791989Goody's 500Martinsville Speedway
75%
611984Champion Spark Plug 400Michigan International Speedway
75%
71977Champion Spark Plug 400Michigan International Speedway
75%
601984Coors 420Nashville Speedway
75%
541983Marty Robbins 420Nashville Speedway
75%
451982Busch Nashville 420Nashville Speedway
75%
201979Busch Nashville 420Nashville Speedway
75%
331981Busch Nashville 420Nashville Speedway
75%
441982Cracker Barrel Country Store 420Nashville Speedway
75%
291981Carolina 500North Carolina Motor Speedway
75%
641984Holly Farms 400North Wilkesboro Speedway
75%
81977Wilkes 400North Wilkesboro Speedway
75%
801991First Union 400North Wilkesboro Speedway
75%
111978Gwyn Staley 400North Wilkesboro Speedway
75%
371981Holly Farms 400North Wilkesboro Speedway
75%
701986Holly Farms 400North Wilkesboro Speedway
75%
421982Northwestern Bank 400North Wilkesboro Speedway
75%
521983Northwestern Bank 400North Wilkesboro Speedway
75%
571983Holly Farms 400North Wilkesboro Speedway
75%
491982Holly Farms 400North Wilkesboro Speedway
75%
821992Miller Genuine Draft 500Pocono International Raceway
75%
811991Champion Spark Plug 500Pocono International Raceway
75%
341981Mountain Dew 500Pocono International Raceway
75%
141978Coca-Cola 500Pocono International Raceway
75%
21975Capital City 500Richmond Fairgrounds Raceway
75%
281981Richmond 400Richmond Fairgrounds Raceway
75%
241980Richmond 400Richmond Fairgrounds Raceway
75%
661985Wrangler Sanfor-Set 400Richmond Fairgrounds Raceway
75%
151978Capital City 400Richmond Fairgrounds Raceway
75%
621984Wrangler Sanfor-Set 400Richmond Fairgrounds Raceway
75%
231980Winston Western 500Riverside International Raceway
75%
321981Warner W. Hodgdon 400Riverside International Raceway
75%
261980Warner W. Hodgdon 400Riverside International Raceway
75%
161979Winston Western 500Riverside International Raceway
75%
191979Texas 400Texas World Speedway
75%
481982CRC Chemicals 500Dover Downs International Speedway
50%
391981American 500North Carolina Motor Speedway
50%
671985Nationwise 500North Carolina Motor Speedway
50%
511982Warner W. Hodgdon American 500North Carolina Motor Speedway
25%
681986Budweiser 400Riverside International Raceway
25%

Score Distribution

Percentile by Number Answered

Percent of People with Each Score

Your Score History

You have not taken this quiz